| 000 | 00548nam a2200157Ia 4500 | ||
|---|---|---|---|
| 008 | 220216s9999 xx 000 0 und d | ||
| 100 | _aSuresh P.R. | ||
| 245 | 0 | _aEffect of lime and phosphogypsum in controlling exchangeable aluminium concentration in acid soils | |
| 260 |
_bProceedings of the Eighth Kerala Science Congress, January 1996, Kochi, India, pp. 218-219 _c1996 |
||
| 650 | _aAcidic soil | ||
| 650 | _aAluminium toxicity | ||
| 700 | _aKarthikakuttyamma M. | ||
| 700 | _aMadhusoodanan P.K. | ||
| 700 | _aPunnoose K.I. | ||
| 942 | _cBS | ||
| 999 |
_c52937 _d52937 |
||